| 000 | 01030 a2200325 4500 | ||
|---|---|---|---|
| 001 | 63912 | ||
| 999 |
_c63912 _d19766 |
||
| 003 | TR-AnTOB | ||
| 005 | 20230602090850.0 | ||
| 008 | 110503s2002 enka b 001 0 c | ||
| 020 | _a0750307056 | ||
| 035 | _a(OCoLC)50453488 | ||
| 040 |
_aEQO _cEQO _dUMC _dCUS _dUtOrBLW |
||
| 041 | _aeng | ||
| 042 | _apcc | ||
| 050 |
_aQC791.745 _b.B73 2002 |
||
| 090 | _aQC791.745 .B73 2002 | ||
| 100 |
_aBraams, C. M., _q(Cornelis Marius), _d1925- _936886 |
||
| 245 | 0 |
_aNuclear fusion : _bhalf a century of magnetic confinement fusion research / _cC.M. Braams and P.E. Stott. |
|
| 264 | 1 |
_aBristol ; _aPhiladelphia : _bIOP, _cc2002 |
|
| 300 |
_axv, 327 p. : _bill. ; _c24 cm |
||
| 504 | _aIncludes bibliographical references (p. 270-297) and index | ||
| 650 | 0 |
_aNuclear fusion _xResearch _936888 |
|
| 650 |
_aControlled fusion _xResearch _xHistory _936889 |
||
| 690 | _aPlasma physics | ||
| 690 | _aNuclear physics | ||
| 700 |
_aStott, P. E., _q(Peter E.) _936887 |
||
| 901 |
_aSDB _b4427175x |
||
| 902 | _a0020960 | ||
| 942 | _cBK | ||